[Event "European Youth Chess Championship G18"]
[Site "Prague, Top Hotel Prague"]
[Date "2012.08.20"]
[Round "4.8"]
[White "Efroimski, Marsel"]
[Black "Neuhauser, Salome"]
[Result "1/2-1/2"]
[WhiteElo "2174"]
[BlackElo "2026"]
[PlyCount "0"]
[EventDate "2012.08.17"]

1. e4 {[%clk 1:30:59]} c5 {[%clk 1:30:54]} 2. Nf3 {[%clk 1:31:25]} d6
{[%clk 1:31:19]} 3. Bc4 {[%clk 1:31:50]} Nf6 {[%clk 1:30:19]} 4. d3
{[%clk 1:32:10]} g6 {[%clk 1:28:53]} 5. c3 {[%clk 1:32:31]} Bg7 {[%clk 1:28:24]}
6. O-O {[%clk 1:32:35]} O-O {[%clk 1:27:17]} 7. Bb3 {[%clk 1:32:45]} Nc6
{[%clk 1:23:37]} 8. Re1 {[%clk 1:32:06]} Qc7 {[%clk 1:14:46]} 9. h3
{[%clk 1:31:55]} b5 {[%clk 1:13:28]} 10. Be3 {[%clk 1:30:10]} Rb8
{[%clk 0:53:58]} 11. Qc1 {[%clk 1:29:50]} Rd8 {[%clk 0:49:23]} 12. Bh6
{[%clk 1:29:35]} Bh8 {[%clk 0:48:12]} 13. Qg5 {[%clk 1:12:00]} c4
{[%clk 0:22:12]} 14. Bc2 {[%clk 0:50:50]} cxd3 {[%clk 0:22:12]} 15. Bxd3
{[%clk 0:51:16]} b4 {[%clk 0:19:30]} 16. a3 {[%clk 0:46:39]} bxc3
{[%clk 0:18:00]} 17. Nxc3 {[%clk 0:45:49]} Rxb2 {[%clk 0:17:06]} 18. Rac1
{[%clk 0:21:59]} Qa5 {[%clk 0:13:56]} 19. Nd5 {[%clk 0:20:05]} Nxd5
{[%clk 0:10:18]} 20. Rxc6 {[%clk 0:20:13]} Bb7 {[%clk 0:08:58]} 21. exd5
{[%clk 0:13:24]} Bf6 {[%clk 0:07:35]} 22. Qe3 {[%clk 0:10:40]} Bxc6
{[%clk 0:06:57]} 23. dxc6 {[%clk 0:11:07]} Rc8 {[%clk 0:06:20]} 24. Bg5
{[%clk 0:05:05]} Bxg5 {[%clk 0:04:48]} 25. Nxg5 {[%clk 0:05:26]} Qd2
{[%clk 0:03:14]} 26. Qxd2 {[%clk 0:02:51]} Rxd2 {[%clk 0:03:43]} 27. Bc4
{[%clk 0:00:46]} e6 {[%clk 0:02:38]} 28. Bb5 {[%clk 0:00:42]} a6 {[%clk 0:01:22]}
29. Bxa6 {[%clk 0:00:43]} Rxc6 {[%clk 0:01:50]} 30. Bb5 {[%clk 0:00:51]} Rc7
{[%clk 0:01:05]} 31. a4 {[%clk 0:00:48]} d5 {[%clk 0:01:04]} 32. Nf3
{[%clk 0:00:50]} Rb2 {[%clk 0:01:01]} 33. Nd4 {[%clk 0:00:53]} Rd2
{[%clk 0:00:54]} 34. Nc6 {[%clk 0:00:59]} Rb2 {[%clk 0:01:02]} 35. Rc1
{[%clk 0:00:53]} Kg7 {[%clk 0:01:21]} 36. Rc3 {[%clk 0:00:46]} e5
{[%clk 0:01:22]} 37. Rd3 {[%clk 0:00:59]} d4 {[%clk 0:01:02]} 38. Nxe5
{[%clk 0:01:18]} Rc1+ {[%clk 0:01:29]} 39. Kh2 {[%clk 0:01:44]} Rxf2
{[%clk 0:01:46]} 40. Rxd4 {[%clk 0:31:37]} Rcc2 {[%clk 0:31:39]} 41. Bc6
{[%clk 0:26:16]} h5 {[%clk 0:17:43]} 42. Rc4 {[%clk 0:14:10]} Ra2
{[%clk 0:15:01]} 43. Nd3 {[%clk 0:13:05]} Rfd2 {[%clk 0:14:38]} 44. Nb4
{[%clk 0:13:22]} Ra3 {[%clk 0:13:42]} 45. Na6 {[%clk 0:07:56]} g5
{[%clk 0:12:37]} 46. Nc5 {[%clk 0:07:09]} f5 {[%clk 0:08:35]} 47. h4
{[%clk 0:03:54]} g4 {[%clk 0:05:44]} 48. Rc1 {[%clk 0:04:05]} Rf2
{[%clk 0:04:36]} 49. Kg1 {[%clk 0:03:05]} Raa2 {[%clk 0:04:23]} 50. Bd5
{[%clk 0:01:06]} Rac2 {[%clk 0:02:26]} 51. Rxc2 {[%clk 0:00:36]} Rxc2
{[%clk 0:02:55]} 52. Nb7 {[%clk 0:00:38]} Kf6 {[%clk 0:02:40]} 53. a5
{[%clk 0:00:47]} Ke5 {[%clk 0:02:47]} 54. Bf7 {[%clk 0:00:37]} g3
{[%clk 0:02:00]} 55. Kf1 {[%clk 0:01:01]} Kf4 {[%clk 0:02:15]} 56. Nd6
{[%clk 0:00:38]} Rc5 {[%clk 0:02:11]} 57. a6 {[%clk 0:00:56]} Ra5
{[%clk 0:02:17]} 58. Bxh5 {[%clk 0:00:36]} Rxa6 {[%clk 0:02:31]} 59. Nc4
{[%clk 0:00:53]} Ra2 {[%clk 0:02:43]} 60. Bf3 {[%clk 0:00:58]} Rc2
{[%clk 0:02:28]} 61. Bd5 {[%clk 0:01:05]} Rf2+ {[%clk 0:02:27]} 62. Ke1
{[%clk 0:01:00]} Kg4 {[%clk 0:02:32]} 63. Nd2 {[%clk 0:00:38]} Kxh4
{[%clk 0:02:24]} 64. Bf3 {[%clk 0:00:58]} Kg5 {[%clk 0:02:41]} 65. Kd1
{[%clk 0:01:08]} Kf4 {[%clk 0:02:53]} 66. Ke1 {[%clk 0:00:48]} Ke5
{[%clk 0:03:03]} 67. Nc4+ {[%clk 0:00:37]} Kd4 {[%clk 0:03:13]} 68. Nd6
{[%clk 0:00:59]} f4 {[%clk 0:02:59]} 69. Nf5+ {[%clk 0:00:48]} Kd3
{[%clk 0:03:12]} 70. Nh4 {[%clk 0:00:52]} Rb2 {[%clk 0:03:20]} 71. Bd1
{[%clk 0:01:03]} Ra2 {[%clk 0:01:56]} 72. Bf3 {[%clk 0:01:24]} Ra5
{[%clk 0:01:15]} 73. Ng6 {[%clk 0:01:08]} Ke3 {[%clk 0:01:02]} 74. Bd1
{[%clk 0:01:18]} Ra7 {[%clk 0:00:53]} 75. Nh4 {[%clk 0:01:26]} Ra6
{[%clk 0:00:47]} 76. Be2 {[%clk 0:01:41]} Ra1+ {[%clk 0:00:59]} 77. Bd1
{[%clk 0:02:06]} Ra8 {[%clk 0:01:00]} 78. Nf5+ {[%clk 0:02:07]} Kd3
{[%clk 0:01:25]} 79. Be2+ {[%clk 0:02:22]} Kc3 {[%clk 0:01:30]} 80. Nh4
{[%clk 0:02:38]} Rh8 {[%clk 0:01:02]} 81. Nf3 {[%clk 0:02:48]} Ra8
{[%clk 0:00:51]} 82. Nh4 {[%clk 0:03:00]} Ra1+ {[%clk 0:01:11]} 83. Bd1
{[%clk 0:03:26]} Kd3 {[%clk 0:01:33]} 84. Nf3 {[%clk 0:03:18]} Ke3
{[%clk 0:00:52]} 1/2-1/2

[Event "European Youth Chess Championship G18"]
[Site "Prague, Top Hotel Prague"]
[Date "2012.08.20"]
[Round "4.9"]
[White "Skrabakova, Katarina"]
[Black "Lach, Aleksandra"]
[Result "0-1"]
[WhiteElo "1989"]
[BlackElo "2157"]
[PlyCount "0"]
[EventDate "2012.08.17"]

1. e4 {[%clk 1:30:58]} c5 {[%clk 1:30:50]} 2. Nf3 {[%clk 1:31:21]} d6
{[%clk 1:30:55]} 3. d4 {[%clk 1:31:45]} cxd4 {[%clk 1:31:22]} 4. Nxd4
{[%clk 1:32:03]} Nf6 {[%clk 1:31:49]} 5. Nc3 {[%clk 1:32:26]} a6 {[%clk 1:32:10]}
6. Be2 {[%clk 1:32:50]} e6 {[%clk 1:31:51]} 7. O-O {[%clk 1:33:10]} b5
{[%clk 1:32:03]} 8. Bf3 {[%clk 1:28:25]} Ra7 {[%clk 1:31:14]} 9. Be3
{[%clk 1:28:00]} Rc7 {[%clk 1:30:12]} 10. a3 {[%clk 1:17:17]} Nbd7
{[%clk 1:11:51]} 11. Qe2 {[%clk 1:11:40]} Bb7 {[%clk 1:08:59]} 12. Rad1
{[%clk 1:03:06]} Qc8 {[%clk 1:04:14]} 13. Bg5 {[%clk 0:47:45]} Be7
{[%clk 1:01:11]} 14. Bxf6 {[%clk 0:43:55]} Nxf6 {[%clk 0:59:25]} 15. e5
{[%clk 0:42:46]} Bxf3 {[%clk 0:53:29]} 16. Nxf3 {[%clk 0:41:21]} dxe5
{[%clk 0:52:50]} 17. Qxe5 {[%clk 0:40:20]} O-O {[%clk 0:51:27]} 18. Rd3
{[%clk 0:39:53]} Qb7 {[%clk 0:42:25]} 19. Nd4 {[%clk 0:35:02]} Rc5
{[%clk 0:36:26]} 20. Qe2 {[%clk 0:30:43]} Rh5 {[%clk 0:29:58]} 21. Re1
{[%clk 0:29:22]} Bc5 {[%clk 0:16:39]} 22. Nb3 {[%clk 0:20:24]} Bb6
{[%clk 0:14:28]} 23. Ne4 {[%clk 0:17:49]} Nxe4 {[%clk 0:13:49]} 24. Qxe4
{[%clk 0:17:49]} Qc7 {[%clk 0:12:05]} 25. Rg3 {[%clk 0:16:57]} Rf5
{[%clk 0:12:03]} 26. Nd4 {[%clk 0:13:02]} Rf4 {[%clk 0:10:51]} 0-1

[Event "European Youth Chess Championship G18"]
[Site "Prague, Top Hotel Prague"]
[Date "2012.08.20"]
[Round "4.10"]
[White "Severina, Maria"]
[Black "Dalemans, Diana"]
[Result "1-0"]
[WhiteElo "2147"]
[BlackElo "1958"]
[PlyCount "0"]
[EventDate "2012.08.17"]

1. d4 {[%clk 1:30:48]} Nf6 {[%clk 1:30:47]} 2. Nf3 {[%clk 1:31:16]} g6
{[%clk 1:30:51]} 3. c4 {[%clk 1:31:41]} Bg7 {[%clk 1:31:11]} 4. Nc3
{[%clk 1:32:07]} d5 {[%clk 1:31:33]} 5. cxd5 {[%clk 1:32:10]} Nxd5
{[%clk 1:31:45]} 6. e4 {[%clk 1:32:36]} Nxc3 {[%clk 1:32:08]} 7. bxc3
{[%clk 1:33:03]} c5 {[%clk 1:32:23]} 8. Be3 {[%clk 1:33:25]} Qa5 {[%clk 1:32:30]}
9. Qd2 {[%clk 1:33:49]} O-O {[%clk 1:32:26]} 10. Rc1 {[%clk 1:34:11]} Rd8
{[%clk 1:32:28]} 11. d5 {[%clk 1:30:31]} e6 {[%clk 1:32:46]} 12. c4
{[%clk 1:30:19]} Qxd2+ {[%clk 1:33:00]} 13. Nxd2 {[%clk 1:29:55]} Na6
{[%clk 1:32:31]} 14. Rb1 {[%clk 1:15:11]} b6 {[%clk 1:21:17]} 15. a3
{[%clk 1:12:58]} Bd7 {[%clk 1:13:24]} 16. Be2 {[%clk 1:09:19]} Nc7
{[%clk 1:04:00]} 17. O-O {[%clk 1:05:28]} Ne8 {[%clk 0:58:11]} 18. f4
{[%clk 0:44:36]} f6 {[%clk 0:41:43]} 19. Bf3 e5 {[%clk 0:37:29]} 20. fxe5
{[%clk 0:26:44]} fxe5 {[%clk 0:37:14]} 21. Rb2 {[%clk 0:27:06]} Nd6
{[%clk 0:32:03]} 22. Ra1 {[%clk 0:23:36]} Nc8 {[%clk 0:16:07]} 23. Be2
{[%clk 0:21:59]} Rf8 {[%clk 0:12:28]} 24. Bd3 {[%clk 0:20:05]} Rf7
{[%clk 0:07:19]} 25. Nf3 {[%clk 0:16:29]} h6 {[%clk 0:07:13]} 26. Bf2
{[%clk 0:15:44]} Bg4 {[%clk 0:06:46]} 27. Nd2 {[%clk 0:14:55]} Rf8
{[%clk 0:03:41]} 28. Bg3 {[%clk 0:13:35]} Rb8 {[%clk 0:02:06]} 29. h3
{[%clk 0:08:56]} Bd7 {[%clk 0:02:19]} 30. Kh2 {[%clk 0:08:51]} Rb7
{[%clk 0:01:31]} 31. Nf3 {[%clk 0:05:40]} Re8 {[%clk 0:01:36]} 32. Kg1
{[%clk 0:05:24]} Ba4 {[%clk 0:01:37]} 33. Kf2 {[%clk 0:03:40]} Rf7
{[%clk 0:01:35]} 34. Ke2 {[%clk 0:02:58]} Bd7 {[%clk 0:01:03]} 35. Rf1
{[%clk 0:02:14]} g5 {[%clk 0:01:05]} 36. Ke3 {[%clk 0:02:02]} g4 {[%clk 0:00:54]}
37. hxg4 {[%clk 0:01:21]} Bxg4 {[%clk 0:01:13]} 38. Nh2 {[%clk 0:01:12]} Rxf1
{[%clk 0:01:01]} 39. Bxf1 {[%clk 0:01:36]} Bd7 {[%clk 0:00:40]} 40. Be2
{[%clk 0:31:30]} Bf6 {[%clk 0:30:35]} 41. Bg4 {[%clk 0:28:28]} Bg5+
{[%clk 0:19:32]} 42. Kd3 {[%clk 0:27:32]} Bxg4 {[%clk 0:18:59]} 43. Nxg4
{[%clk 0:27:59]} h5 {[%clk 0:18:49]} 44. Nh2 {[%clk 0:25:31]} Bc1
{[%clk 0:14:32]} 45. Ra2 {[%clk 0:22:12]} b5 {[%clk 0:10:43]} 46. cxb5
{[%clk 0:17:47]} Nd6 {[%clk 0:10:35]} 47. Nf3 {[%clk 0:18:02]} c4+
{[%clk 0:09:18]} 48. Kc2 {[%clk 0:18:02]} Nxe4 {[%clk 0:09:11]} 49. Bxe5
{[%clk 0:17:55]} Be3 {[%clk 0:06:27]} 50. Ra1 {[%clk 0:15:18]} Ng5
{[%clk 0:05:15]} 51. Bc7 {[%clk 0:14:43]} Nxf3 {[%clk 0:02:05]} 52. gxf3
{[%clk 0:15:12]} Bd4 {[%clk 0:01:20]} 53. Rd1 {[%clk 0:09:47]} Re2+
{[%clk 0:00:41]} 54. Rd2 {[%clk 0:07:20]} Rxd2+ {[%clk 0:00:57]} 55. Kxd2
{[%clk 0:07:49]} Kf7 {[%clk 0:01:04]} 56. a4 {[%clk 0:07:42]} Ke7
{[%clk 0:00:36]} 57. a5 {[%clk 0:06:26]} Kd7 {[%clk 0:00:35]} 58. Bg3
{[%clk 0:06:26]} Kc8 {[%clk 0:00:35]} 59. f4 {[%clk 0:05:38]} Kd7
{[%clk 0:00:33]} 60. f5 {[%clk 0:05:59]} Ke7 {[%clk 0:00:33]} 61. Ke2
{[%clk 0:04:59]} Kd7 {[%clk 0:00:40]} 62. a6 {[%clk 0:03:57]} Kc8
{[%clk 0:00:36]} 63. Bf2 {[%clk 0:01:50]} Bxf2 {[%clk 0:00:57]} 64. Kxf2
{[%clk 0:02:17]} c3 {[%clk 0:00:58]} 65. Ke2 {[%clk 0:02:14]} h4 {[%clk 0:00:58]}
66. f6 {[%clk 0:02:37]} Kd7 {[%clk 0:00:48]} 67. f7 {[%clk 0:02:51]} Ke7
{[%clk 0:00:59]} 68. f8=Q+ {[%clk 0:03:04]} Kxf8 {[%clk 0:01:23]} 69. b6
{[%clk 0:03:32]} c2 {[%clk 0:01:34]} 70. Kd2 {[%clk 0:03:51]} 1-0

[Event "European Youth Chess Championship G18"]
[Site "Prague, Top Hotel Prague"]
[Date "2012.08.20"]
[Round "4.11"]
[White "Terzidaki, Alexandra"]
[Black "Sviridova, Vlada"]
[Result "0-1"]
[WhiteElo "1958"]
[BlackElo "2132"]
[PlyCount "58"]
[EventDate "2012.08.17"]

1. e4 e6 2. d4 d5 3. Nd2 Nf6 4. e5 Nfd7 5. Bd3 c5 6. c3 Nc6 7. Ngf3 cxd4 8.
cxd4 g6 9. h4 h6 10. a3 Qb6 11. Rh3 Nxd4 12. Nxd4 Qxd4 13. Nf3 Qb6 14. Qc2 Rg8
15. b4 Bg7 16. Bf4 g5 17. hxg5 hxg5 18. Bh7 Rf8 19. Rg3 Qc6 20. Qd2 Rh8 21. Rc1
Qa6 22. Qc2 Qc4 23. Qd2 Qxf4 24. Qc2 Rxh7 25. Qxh7 Qxc1+ 26. Ke2 Bf8 27. Rxg5
b6 28. b5 Bb7 29. Rg8 Rc8 0-1

[Event "European Youth Chess Championship G18"]
[Site "Prague, Top Hotel Prague"]
[Date "2012.08.20"]
[Round "4.12"]
[White "Galunova, Tsveta"]
[Black "Nonkovic, Bogdana"]
[Result "1/2-1/2"]
[WhiteElo "2091"]
[BlackElo "1950"]
[PlyCount "125"]
[EventDate "2012.08.17"]

1. e4 c5 2. c3 d5 3. exd5 Qxd5 4. d4 Nc6 5. Nf3 Bf5 6. Be2 cxd4 7. cxd4 Bxb1 8.
Rxb1 e6 9. a3 Nf6 10. O-O Bd6 11. b4 O-O 12. Bb2 Rfd8 13. Re1 Rac8 14. Rc1 Qf5
15. b5 Ne7 16. Qa4 Bb8 17. Ne5 Ned5 18. Bf3 Qf4 19. g3 Qd2 20. Qb3 Qg5 21. Rc5
Bd6 22. Rc4 h5 23. Kh1 Ng4 24. Bxg4 hxg4 25. Rec1 Rxc4 26. Qxc4 g6 27. Qe2 Nf6
28. Re1 Bxe5 29. Qxe5 Qxe5 30. dxe5 Nd5 31. Rc1 Rd7 32. Kg2 a6 33. bxa6 bxa6
34. Rc4 Rb7 35. Bd4 Rb3 36. Ra4 Nc7 37. Bc5 Rc3 38. Bd6 Nd5 39. Rxg4 Rc6 40.
Rd4 Kg7 41. Kf3 Nc3 42. Rd3 Nd5 43. Kg4 Rc2 44. Kf3 Rc6 45. h4 Rc4 46. Rb3 a5
47. Rb1 a4 48. Rh1 Nb6 49. h5 Nd5 50. Kg2 gxh5 51. Rxh5 Kg6 52. Rh4 Rxh4 53.
gxh4 Kf5 54. Kg3 Nf4 55. Be7 Nd5 56. Bf6 Nc3 57. Bg7 Ne4+ 58. Kf3 Nd2+ 59. Kg3
Nc4 60. Bf8 Nxe5 61. Bb4 Nd3 62. Bd6 e5 63. Kf3 1/2-1/2

[Event "European Youth Chess Championship G18"]
[Site "Prague, Top Hotel Prague"]
[Date "2012.08.20"]
[Round "4.15"]
[White "Vatkali, Dimitra"]
[Black "Azimova, Karina"]
[Result "0-1"]
[WhiteElo "1936"]
[BlackElo "2050"]
[PlyCount "56"]
[EventDate "2012.08.17"]

1. e4 e5 2. Nf3 d6 3. d4 exd4 4. Nxd4 Nf6 5. Nc3 Be7 6. Bf4 O-O 7. Qd2 c6 8.
O-O-O b5 9. f3 b4 10. Nce2 c5 11. Nf5 Bxf5 12. exf5 d5 13. g4 d4 14. g5 Nd5 15.
f6 gxf6 16. gxf6 Bxf6 17. Bh6 Kh8 18. Bxf8 Qxf8 19. Ng3 Nd7 20. Nh5 Ne3 21. Bb5
Qh6 22. Nxf6 Nxf6 23. Rdg1 Rb8 24. Bd3 Nfd5 25. Rg3 Nc3 26. Bc4 Qf6 27. Qd3
Nxc4 28. Qxc4 Qf4# 0-1

[Event "European Youth Chess Championship G18"]
[Site "Prague, Top Hotel Prague"]
[Date "2012.08.20"]
[Round "4.16"]
[White "Turkova, Karolina"]
[Black "Kane, Marta"]
[Result "1-0"]
[WhiteElo "2004"]
[BlackElo "1787"]
[PlyCount "69"]
[EventDate "2012.08.17"]

1. e4 c5 2. Nf3 e6 3. d4 cxd4 4. Nxd4 a6 5. Nc3 Qc7 6. Bd3 b5 7. O-O Bb7 8. Qe2
d6 9. a4 b4 10. Na2 d5 11. exd5 Bxd5 12. Bd2 Qb7 13. Bc4 Nf6 14. Bxd5 Qxd5 15.
c3 Bc5 16. Rfd1 b3 17. Nc1 Bxd4 18. cxd4 Nc6 19. Bc3 O-O 20. f3 Rfd8 21. Qd2
Rd7 22. Ra3 Rb8 23. Ne2 Rbd8 24. Nf4 Qc4 25. Qe2 Qxe2 26. Nxe2 Rb8 27. Nc1 e5
28. Rxb3 Rxb3 29. Nxb3 exd4 30. Nxd4 Ne5 31. Re1 Nc4 32. Nf5 Kf8 33. b4 Kg8 34.
Rc1 Nb6 35. a5 1-0

[Event "European Youth Chess Championship G18"]
[Site "Prague, Top Hotel Prague"]
[Date "2012.08.20"]
[Round "4.17"]
[White "Kabai, Zsuzsanna"]
[Black "Malikova, Ulviyya"]
[Result "1-0"]
[WhiteElo "2097"]
[BlackElo "1810"]
[PlyCount "131"]
[EventDate "2012.08.17"]

1. d4 Nf6 2. Nf3 g6 3. Bg5 Bg7 4. c3 d6 5. Nbd2 O-O 6. e4 h6 7. Bh4 c6 8. Bd3
Qc7 9. O-O e5 10. dxe5 dxe5 11. Bxf6 Bxf6 12. Qe2 Be6 13. Qe3 Bg7 14. Bc4 Bxc4
15. Nxc4 b5 16. Ncd2 Qb6 17. Qxb6 axb6 18. c4 b4 19. Nb3 Rd8 20. Rfd1 Na6 21.
Kf1 Kf8 22. Ke2 Ke7 23. Ne1 f5 24. f3 f4 25. Nd3 c5 26. a3 bxa3 27. Rxa3 Nc7
28. Rda1 Rxa3 29. Rxa3 Ra8 30. Rxa8 Nxa8 31. Nbc1 Nc7 32. Na2 Kd6 33. Nc3 Ne6
34. Nd5 Nd4+ 35. Kd2 b5 36. b4 cxb4 37. cxb5 Nxb5 38. N3xb4 g5 39. Kd3 Kc5 40.
Na6+ Kc6 41. Kc4 Nd4 42. Ne7+ Kb6 43. Nb4 Bf8 44. Nbd5+ Kb7 45. Ng6 Bd6 46. Nh8
Nc2 47. Nf7 Bf8 48. Nxe5 Ne1 49. Ng6 Bd6 50. e5 Bxe5 51. Nxe5 Nxg2 52. Kd4 Ka6
53. Ke4 Kb5 54. Nf7 Kc4 55. Nxh6 Nh4 56. Nf6 Kc3 57. Nf7 Kd2 58. Nxg5 Ng2 59.
Nd5 Ke1 60. Nxf4 Nh4 61. Nd3+ Kf1 62. f4 Kg2 63. h3 Kg3 64. f5 Ng2 65. f6 Nh4
66. Nf4 1-0

[Event "European Youth Chess Championship G18"]
[Site "Prague, Top Hotel Prague"]
[Date "2012.08.20"]
[Round "4.18"]
[White "Kaliadzich, Maryia"]
[Black "Bacic, Kristina"]
[Result "1-0"]
[WhiteElo "1915"]
[BlackElo "1801"]
[PlyCount "43"]
[EventDate "2012.08.17"]

1. e4 c6 2. c4 d5 3. exd5 cxd5 4. cxd5 Qxd5 5. Nc3 Qa5 6. Bc4 Nf6 7. Nf3 e6 8.
O-O Be7 9. d4 O-O 10. Ne5 a6 11. Qf3 Qc7 12. Bf4 Bd6 13. Ne4 Nxe4 14. Qxe4 Nd7
15. Rac1 Nf6 16. Qf3 Qb6 17. Bb3 Qd8 18. Rfd1 Qe7 19. Bg5 h6 20. Bh4 Rb8 21.
Ng4 Bf4 22. Nxf6+ 1-0

[Event "European Youth Chess Championship G18"]
[Site "Prague, Top Hotel Prague"]
[Date "2012.08.20"]
[Round "4.19"]
[White "Machlik, Edit"]
[Black "Koselova, Zuzana"]
[Result "0-1"]
[WhiteElo "1740"]
[BlackElo "1912"]
[PlyCount "102"]
[EventDate "2012.08.17"]

1. e4 e5 2. Nf3 Nc6 3. Bb5 g6 4. d3 Bg7 5. Nc3 a6 6. Ba4 d6 7. h3 Nge7 8. a3
O-O 9. O-O h6 10. Bb3 Kh7 11. Nh2 Nd4 12. Ba2 g5 13. Ne2 Ne6 14. Ng3 Ng6 15.
Nf5 Nef4 16. Nxg7 Kxg7 17. d4 Qf6 18. Be3 h5 19. dxe5 dxe5 20. Re1 Rh8 21. g3
Bxh3 22. Qf3 Ne6 23. Bxe6 Bxe6 24. Qxf6+ Kxf6 25. Nf3 g4 26. Bg5+ Kg7 27. Nd2
f6 28. Be3 Rad8 29. Rad1 h4 30. Nb1 Rdg8 31. Nc3 Rh7 32. Nd5 hxg3 33. Nxc7
gxf2+ 34. Kxf2 Kf7 35. Rd6 g3+ 36. Ke2 Bg4+ 37. Kd2 Nf4 38. Bxf4 exf4 39. Nd5
f3 40. Rxf6+ Kg7 41. Rf4 Kh8 42. Ne3 f2 43. Rc1 Be6 44. Ke2 Rg5 45. Kf3 Rh2 46.
Ng2 Bh3 47. Rh4+ Kg8 48. Nf4 g2 49. Nxh3 Rxh3+ 50. Rxh3 f1=Q+ 51. Rxf1 gxf1=Q+
0-1

[Event "European Youth Chess Championship G18"]
[Site "Prague, Top Hotel Prague"]
[Date "2012.08.20"]
[Round "4.20"]
[White "Milicevic, Dajana"]
[Black "Sabolova, Kristyna"]
[Result "1/2-1/2"]
[WhiteElo "1684"]
[BlackElo "1889"]
[PlyCount "91"]
[EventDate "2012.08.17"]

1. g3 d5 2. Bg2 g6 3. Nf3 Bg7 4. d4 Nf6 5. O-O O-O 6. c3 Nbd7 7. Nbd2 c5 8.
dxc5 Nxc5 9. Nb3 b6 10. Re1 Bb7 11. Ne5 Qc7 12. Nd3 e5 13. f4 e4 14. Nf2 Rfe8
15. Be3 Nfd7 16. Nd4 f5 17. Qc2 Rac8 18. Nb5 Qb8 19. Bd4 Bf8 20. Qd2 a6 21. Na3
Ne6 22. e3 Nxd4 23. cxd4 Bxa3 24. bxa3 b5 25. Nd1 Nb6 26. Bf1 Re6 27. Nb2 Rec6
28. Rec1 Qc7 29. Rxc6 Qxc6 30. Qb4 Kf7 31. Nd1 h6 32. Rb1 g5 33. Kh1 gxf4 34.
gxf4 Qg6 35. Rb2 Qh5 36. Be2 Qg6 37. Bf1 Qg4 38. Be2 Qh4 39. Bf1 Nc4 40. Rg2
Rg8 41. Rxg8 Kxg8 42. Bxc4 dxc4 43. Qd6 Kf7 44. Qd7+ Kg6 45. Qe8+ Kg7 46. Qd7+
1/2-1/2

[Event "European Youth Chess Championship G18"]
[Site "Prague, Top Hotel Prague"]
[Date "2012.08.20"]
[Round "4.21"]
[White "Haitovich, Avital"]
[Black "Meireles, Ana"]
[Result "1-0"]
[WhiteElo "1874"]
[BlackElo "1716"]
[PlyCount "70"]
[EventDate "2012.08.17"]

1. e4 e6 2. d4 d5 3. Nc3 dxe4 4. Nxe4 Nd7 5. Nf3 Ngf6 6. Nxf6+ Nxf6 7. Bd3 Be7
8. O-O O-O 9. Qe2 b6 10. c3 Bb7 11. Ne5 Qd5 12. f3 c5 13. Bc4 Qd8 14. Rd1 cxd4
15. Nxf7 Rxf7 16. Bxe6 Bd5 17. Bxf7+ Bxf7 18. Kh1 Qc7 19. Rxd4 Bc5 20. Bf4 Qc6
21. Rd2 Re8 22. Qa6 Nh5 23. Bg5 Bd5 24. Qd3 Bf7 25. b4 Bf8 26. b5 Qc5 27. Bh4
Qc4 28. Qxc4 Bxc4 29. Rd4 Rc8 30. a4 Bb3 31. Rd7 Rxc3 32. Rxa7 Nf4 33. a5 Bc5
34. axb6 Bxb6 35. Ra8+ Kf7 1-0

[Event "European Youth Chess Championship G18"]
[Site "Prague, Top Hotel Prague"]
[Date "2012.08.20"]
[Round "4.24"]
[White "Bass, Leenoy"]
[Black "Roy, Ali"]
[Result "0-1"]
[WhiteElo "1614"]
[BlackElo "1836"]
[PlyCount "104"]
[EventDate "2012.08.17"]

1. e4 e6 2. d4 d5 3. Nd2 dxe4 4. Nxe4 Nd7 5. g4 Ngf6 6. Nxf6+ Nxf6 7. g5 Ne4 8.
Qd3 Nd6 9. Bg2 Be7 10. Nf3 O-O 11. Bd2 Bd7 12. Ne5 Rc8 13. f4 c6 14. h4 Nf5 15.
O-O-O Qc7 16. h5 f6 17. Nxd7 Qxd7 18. Be4 Rfd8 19. Bxf5 exf5 20. Be3 fxg5 21.
fxg5 Qe6 22. Kb1 Rf8 23. Bf4 Rce8 24. Rhe1 Qd7 25. Qb3+ Kh8 26. h6 Rg8 27.
hxg7+ Kxg7 28. Be5+ Kf8 29. d5 Bxg5 30. dxc6 Qxc6 31. Qd3 Qc8 32. Bd6+ Kf7 33.
Qh3 Kg6 34. Rh1 h6 35. Rhf1 Re2 36. Qd3 Rge8 37. Bf4 Qe6 38. Qf3 Qe4 39. Rd6+
Re6 40. Rxe6+ Qxe6 41. Bxg5 hxg5 42. Qg3 Re3 43. Qf2 g4 44. Rd1 Qe5 45. Qh4 g3
46. Qd8 Re1 47. Qg8+ Kh5 48. Qh7+ Kg4 49. Qg8+ Kh3 50. Qh7+ Kg4 51. Qg8+ Kf3
52. Qb3+ Kf2 0-1

[Event "European Youth Chess Championship G18"]
[Site "Prague, Top Hotel Prague"]
[Date "2012.08.20"]
[Round "4.25"]
[White "Drakaki, Anna-Maria"]
[Black "Kuk, Nika"]
[Result "1-0"]
[WhiteElo "1827"]
[BlackElo "1557"]
[PlyCount "65"]
[EventDate "2012.08.17"]

1. e4 e6 2. d4 d5 3. Nc3 Nf6 4. e5 Nfd7 5. f4 c5 6. Nf3 Nc6 7. Be3 Qb6 8. Na4
Qa5+ 9. c3 cxd4 10. b4 Nxb4 11. cxb4 Bxb4+ 12. Bd2 Bxd2+ 13. Nxd2 b5 14. Nb2
Nc5 15. Rc1 Qa3 16. Bxb5+ Ke7 17. Qc2 Nd7 18. Qb3 Qa5 19. Qa4 Qd8 20. Qxd4 Rb8
21. Be2 Qa5 22. O-O Rb4 23. Nbc4 dxc4 24. Nxc4 Qc5 25. Qxc5+ Nxc5 26. Nd6 Rb2
27. Rxc5 Rxe2 28. Nxc8+ Kd7 29. Rd1+ Ke8 30. Nd6+ Ke7 31. Rc7+ Kd8 32. Rdc1 Rf8
33. Rc8+ 1-0

[Event "European Youth Chess Championship G18"]
[Site "Prague, Top Hotel Prague"]
[Date "2012.08.20"]
[Round "4.26"]
[White "Yaka, Beyza"]
[Black "Ljikar, Tamara"]
[Result "0-1"]
[WhiteElo "1584"]
[BlackElo "1821"]
[PlyCount "80"]
[EventDate "2012.08.17"]

1. e4 c5 2. c3 Nf6 3. e5 Nd5 4. d4 cxd4 5. Nf3 Nc6 6. cxd4 d6 7. Bc4 Nb6 8. Bb5
dxe5 9. Nxe5 Bd7 10. Bxc6 Bxc6 11. Nxc6 bxc6 12. O-O e6 13. Nc3 Be7 14. Qg4 Bf6
15. Rd1 O-O 16. Rd3 Re8 17. Be3 Nc4 18. Ne4 Be7 19. Bh6 Bf8 20. Bg5 Be7 21.
Bxe7 Qxe7 22. Qe2 Nd6 23. Nxd6 Qxd6 24. Rc1 Red8 25. Rcd1 Rab8 26. Qc2 h6 27.
b3 Rb5 28. g3 Rd5 29. f4 Qd7 30. b4 f6 31. Qc4 Kh8 32. a3 e5 33. fxe5 fxe5 34.
Rc1 Rd6 35. Qc5 exd4 36. Rf1 Re8 37. Qc4 Qd8 38. Rf4 Qe7 39. Qc1 Re6 40. Rfxd4
Re1+ 0-1

[Event "European Youth Chess Championship G18"]
[Site "Prague, Top Hotel Prague"]
[Date "2012.08.20"]
[Round "4.27"]
[White "Tarmastin, Laura"]
[Black "Sanal, Suna"]
[Result "0-1"]
[WhiteElo "1747"]
[BlackElo "1744"]
[PlyCount "80"]
[EventDate "2012.08.17"]

1. e4 c5 2. Nf3 e6 3. d4 cxd4 4. Nxd4 a6 5. Bd3 Qc7 6. O-O Nf6 7. Qe2 d6 8. c4
Nbd7 9. b3 Be7 10. Bb2 O-O 11. Nc3 b6 12. Rad1 Bb7 13. Bb1 Rfe8 14. f4 g6 15.
Kh1 Rad8 16. Nf3 Nc5 17. Ng5 Nh5 18. b4 Nd7 19. Nh3 Rc8 20. Bd3 Bf8 21. a3 Rcd8
22. Qf2 Be7 23. Be2 Ng7 24. Ng5 h6 25. Nf3 Nf6 26. Bd3 d5 27. e5 Ng4 28. Qe2 h5
29. h3 dxc4 30. Bxc4 Nf5 31. Kg1 Ng3 32. Qe1 Nxf1 33. Bxf1 Rxd1 34. Nxd1 Nh6
35. Qf2 Rd8 36. Ne3 b5 37. Be2 Qd7 38. Kh2 Rc8 39. Qf1 Bd8 40. Bd4 Bxf3 0-1

[Event "European Youth Chess Championship G18"]
[Site "Prague, Top Hotel Prague"]
[Date "2012.08.20"]
[Round "4.28"]
[White "Zpevakova, Jana"]
[Black "Saffova, Michaela"]
[Result "1-0"]
[WhiteElo "1901"]
[BlackElo "1756"]
[PlyCount "83"]
[EventDate "2012.08.17"]

1. d4 f5 2. g3 Nf6 3. Bg2 d5 4. Nf3 e6 5. O-O Bd6 6. b3 O-O 7. e3 Nbd7 8. Bb2
Ne4 9. c4 c6 10. Nbd2 Ndf6 11. Ne1 Bd7 12. Nd3 Be8 13. Nf3 g5 14. Nfe5 Nd7 15.
f3 Nef6 16. Qd2 h6 17. Rae1 c5 18. Nxd7 Nxd7 19. dxc5 Nxc5 20. Nxc5 Bxc5 21.
Qc3 d4 22. exd4 Be7 23. Rxe6 Kh7 24. d5 Rg8 25. Rfe1 Bc5+ 26. Kh1 Bg6 27. b4
Bf8 28. Qd2 b6 29. Bf6 Qc8 30. Qc3 a5 31. a3 axb4 32. axb4 Qb8 33. c5 bxc5 34.
bxc5 Qb5 35. d6 Re8 36. Bd4 Bf7 37. R6e5 Bg7 38. Re7 Bxd4 39. Qxd4 Rg7 40. d7
Rd8 41. Qd6 Qb4 42. Qc7 1-0